[Event "ODJM B 2024"]
[Site "Willingen GER"]
[Date "2024.05.24"]
[Round "8"]
[White "Rotärmel, Leonie"]
[Black "Schmidt, Jan"]
[Result "1/2-1/2"]
[Termination "normal"]
[Board "31"]
[WhiteElo "1674"]
[BlackElo "1663"]
[WhiteClock "00:18:29"]
[BlackClock "00:35:23"]
[PlyCount "41"]
[WhiteFideId "16281390"]
[BlackFideId "34625682"]
[EventCountry "GER"]
[EventRounds "9"]
[EventType "swiss"]
[EventDate "2024.05.18"]

1. e4 {[%clk 01:30:58]} c6 {[%clk 01:30:51]} {[%emt 00:00:10]} 2. d4 {[%clk
01:31:23]} {[%emt 00:00:05]} d5 {[%clk 01:31:08]} {[%emt 00:00:13]} 3. exd5
{[%clk 01:31:47]} {[%emt 00:00:06]} cxd5 {[%clk 01:31:22]} {[%emt 00:00:15]} 4.
Bd3 {[%clk 01:32:09]} {[%emt 00:00:08]} Nf6 {[%clk 01:31:25]} {[%emt 00:00:27]}
5. c3 {[%clk 01:32:09]} {[%emt 00:00:30]} Bg4 {[%clk 01:31:18]} {[%emt
00:00:37]} 6. Nf3 {[%clk 01:32:03]} {[%emt 00:00:37]} e6 {[%clk 01:30:56]}
{[%emt 00:00:53]} 7. Bf4 {[%clk 01:25:24]} {[%emt 00:07:08]} Bd6 {[%clk
01:29:50]} {[%emt 00:01:36]} 8. Bxd6 {[%clk 01:21:01]} {[%emt 00:04:53]} Qxd6
{[%clk 01:29:00]} {[%emt 00:01:20]} 9. Nbd2 {[%clk 01:17:39]} {[%emt 00:03:52]}
Nc6 {[%clk 01:26:40]} {[%emt 00:02:51]} 10. h3 {[%clk 01:15:14]} {[%emt
00:02:53]} Bh5 {[%clk 01:25:37]} {[%emt 00:01:34]} 11. O-O {[%clk 01:15:29]}
{[%emt 00:00:16]} O-O {[%clk 01:25:30]} {[%emt 00:00:36]} 12. Re1 {[%clk
01:15:30]} {[%emt 00:00:29]} Rab8 {[%clk 01:25:03]} {[%emt 00:00:57]} 13. a3
{[%clk 01:15:46]} {[%emt 00:00:14]} a5 {[%clk 01:21:07]} {[%emt 00:04:26]} 14.
b4 {[%clk 00:53:53]} {[%emt 00:22:22]} axb4 {[%clk 01:19:38]} {[%emt 00:02:00]}
15. axb4 {[%clk 00:51:50]} {[%emt 00:02:34]} Rfc8 {[%clk 01:10:11]} {[%emt
00:09:56]} 16. Qe2 {[%clk 00:39:16]} {[%emt 00:13:02]} Ne7 {[%clk 00:59:16]}
{[%emt 00:11:26]} 17. Rec1 {[%clk 00:36:45]} {[%emt 00:03:01]} Bg6 {[%clk
00:49:13]} {[%emt 00:10:33]} 18. Ne5 {[%clk 00:27:19]} {[%emt 00:09:57]} Bxd3
{[%clk 00:46:15]} {[%emt 00:03:28]} 19. Nxd3 {[%clk 00:24:10]} {[%emt
00:03:37]} Nf5 {[%clk 00:42:35]} {[%emt 00:04:11]} 20. Nc5 {[%clk 00:20:46]}
{[%emt 00:03:54]} Nd7 {[%clk 00:35:23]} {[%emt 00:07:42]} 21. Nxd7 {[%clk
00:18:29]} {[%emt 00:02:48]} 1/2-1/2

[Event "ODJM B 2024"]
[Site "Willingen GER"]
[Date "2024.05.24"]
[Round "8"]
[White "Rodriguez, Philipp"]
[Black "Fettig, Michel"]
[Result "0-1"]
[Termination "normal"]
[Board "32"]
[WhiteElo "1663"]
[BlackElo "1680"]
[WhiteClock "00:09:29"]
[BlackClock "00:07:56"]
[PlyCount "64"]
[WhiteFideId "34659170"]
[BlackFideId "34608982"]
[EventCountry "GER"]
[EventRounds "9"]
[EventType "swiss"]
[EventDate "2024.05.18"]

1. e4 {[%clk 01:30:49]} {[%emt 00:00:10]} e6 {[%clk 01:30:54]} {[%emt
00:00:08]} 2. d4 {[%clk 01:30:54]} {[%emt 00:00:24]} d5 {[%clk 01:31:14]}
{[%emt 00:00:10]} 3. Nc3 {[%clk 01:31:08]} {[%emt 00:00:16]} Nf6 {[%clk
01:31:11]} {[%emt 00:00:33]} 4. e5 {[%clk 01:31:25]} {[%emt 00:00:12]} Nfd7
{[%clk 01:31:37]} {[%emt 00:00:04]} 5. f4 {[%clk 01:31:39]} {[%emt 00:00:16]}
c5 {[%clk 01:31:54]} {[%emt 00:00:13]} 6. Nf3 {[%clk 01:32:01]} {[%emt
00:00:08]} Nc6 {[%clk 01:32:03]} {[%emt 00:00:22]} 7. Be3 {[%clk 01:32:23]}
{[%emt 00:00:08]} cxd4 {[%clk 01:31:28]} {[%emt 00:01:05]} 8. Nxd4 {[%clk
01:31:48]} {[%emt 00:01:04]} a6 {[%clk 01:28:20]} {[%emt 00:03:38]} 9. Qg4
{[%clk 01:19:16]} {[%emt 00:13:02]} Qb6 {[%clk 01:21:41]} {[%emt 00:07:10]} 10.
O-O-O {[%clk 01:15:56]} {[%emt 00:03:48]} Nc5 {[%clk 01:20:38]} {[%emt
00:01:35]} 11. Kb1 {[%clk 01:07:30]} {[%emt 00:08:56]} Qc7 {[%clk 01:15:40]}
{[%emt 00:05:29]} 12. Nf3 {[%clk 01:02:49]} {[%emt 00:05:10]} g6 {[%clk
01:06:26]} {[%emt 00:09:44]} 13. h4 {[%clk 00:59:11]} {[%emt 00:04:08]} h5
{[%clk 01:05:09]} {[%emt 00:01:47]} 14. Qh3 {[%clk 00:59:23]} {[%emt 00:00:17]}
Bd7 {[%clk 01:05:09]} {[%emt 00:00:31]} 15. g4 {[%clk 00:58:05]} {[%emt
00:01:47]} O-O-O {[%clk 01:02:08]} {[%emt 00:03:32]} 16. Be2 {[%clk 00:51:02]}
{[%emt 00:07:33]} Kb8 {[%clk 00:55:50]} {[%emt 00:06:49]} 17. Ng5 {[%clk
00:44:18]} {[%emt 00:07:12]} Be8 {[%clk 00:54:45]} {[%emt 00:01:34]} 18. Bf2
{[%clk 00:43:43]} {[%emt 00:01:06]} hxg4 {[%clk 00:46:32]} {[%emt 00:08:44]}
19. Qxg4 {[%clk 00:42:30]} {[%emt 00:01:42]} Rc8 {[%clk 00:35:32]} {[%emt
00:11:30]} 20. Qg1 {[%clk 00:37:31]} {[%emt 00:05:29]} Qa5 {[%clk 00:27:29]}
{[%emt 00:08:35]} 21. h5 {[%clk 00:33:47]} {[%emt 00:04:13]} gxh5 {[%clk
00:25:05]} {[%emt 00:02:53]} 22. Rxh5 {[%clk 00:34:02]} {[%emt 00:00:15]} Rxh5
{[%clk 00:24:24]} {[%emt 00:01:11]} 23. Bxh5 {[%clk 00:34:24]} {[%emt
00:00:08]} Na4 {[%clk 00:24:40]} {[%emt 00:00:15]} 24. Be1 {[%clk 00:23:57]}
{[%emt 00:10:56]} Nb4 {[%clk 00:10:56]} {[%emt 00:14:14]} 25. Nxa4 {[%clk
00:13:33]} {[%emt 00:10:54]} Qxa4 {[%clk 00:11:19]} {[%emt 00:00:08]} 26. Bxb4
{[%clk 00:13:58]} {[%emt 00:00:05]} Qxc2+ {[%clk 00:11:37]} {[%emt 00:00:12]}
27. Ka1 {[%clk 00:14:16]} {[%emt 00:00:12]} Bxb4 {[%clk 00:11:24]} {[%emt
00:00:42]} 28. Bxf7 {[%clk 00:13:35]} {[%emt 00:01:11]} Bxf7 {[%clk 00:11:16]}
{[%emt 00:00:38]} 29. Nxf7 {[%clk 00:13:44]} {[%emt 00:00:21]} d4 {[%clk
00:08:22]} {[%emt 00:03:24]} 30. a3 {[%clk 00:13:25]} {[%emt 00:00:50]} Bxa3
{[%clk 00:07:17]} {[%emt 00:01:35]} 31. bxa3 {[%clk 00:10:01]} {[%emt
00:03:54]} Rc3 {[%clk 00:07:31]} {[%emt 00:00:16]} 32. Qg8+ {[%clk 00:09:29]}
{[%emt 00:01:02]} Ka7 {[%clk 00:07:56]} {[%emt 00:00:05]} 0-1

[Event "ODJM B 2024"]
[Site "Willingen GER"]
[Date "2024.05.24"]
[Round "8"]
[White "Fize, Aleksandrs"]
[Black "Frank, Carolin"]
[Result "0-1"]
[Termination "normal"]
[Board "33"]
[WhiteElo "1609"]
[BlackElo "1766"]
[WhiteClock "00:42:15"]
[BlackClock "00:16:52"]
[PlyCount "116"]
[WhiteFideId "34623779"]
[BlackFideId "16207190"]
[EventCountry "GER"]
[EventRounds "9"]
[EventType "swiss"]
[EventDate "2024.05.18"]

1. d4 {[%clk 01:30:57]} {[%emt 00:00:02]} Nf6 {[%clk 01:30:53]} {[%emt
00:00:08]} 2. Nc3 {[%clk 01:31:22]} {[%emt 00:00:05]} d5 {[%clk 01:31:11]}
{[%emt 00:00:12]} 3. Bf4 {[%clk 01:31:46]} {[%emt 00:00:05]} g6 {[%clk
01:31:28]} {[%emt 00:00:13]} 4. e3 {[%clk 01:27:40]} {[%emt 00:04:36]} c6
{[%clk 01:30:17]} {[%emt 00:01:41]} 5. Nf3 {[%clk 01:28:04]} {[%emt 00:00:06]}
b5 {[%clk 01:14:46]} {[%emt 00:16:03]} 6. Bd3 {[%clk 01:19:29]} {[%emt
00:09:04]} Nbd7 {[%clk 01:06:36]} {[%emt 00:08:39]} 7. Ne5 {[%clk 01:19:06]}
{[%emt 00:00:53]} Qb6 {[%clk 01:02:29]} {[%emt 00:04:37]} 8. h3 {[%clk
00:58:40]} {[%emt 00:20:56]} Nh5 {[%clk 00:58:10]} {[%emt 00:04:50]} 9. Bh2
{[%clk 00:58:38]} {[%emt 00:00:31]} Nxe5 {[%clk 00:55:28]} {[%emt 00:03:13]}
10. Bxe5 {[%clk 00:59:00]} {[%emt 00:00:08]} f6 {[%clk 00:54:36]} {[%emt
00:01:21]} 11. Bh2 {[%clk 00:59:25]} {[%emt 00:00:05]} Ng7 {[%clk 00:53:55]}
{[%emt 00:01:11]} 12. g4 {[%clk 00:50:16]} {[%emt 00:09:39]} Ne6 {[%clk
00:49:48]} {[%emt 00:04:37]} 13. f4 {[%clk 00:35:04]} {[%emt 00:15:42]} Nc7
{[%clk 00:38:00]} {[%emt 00:12:19]} 14. Qf3 {[%clk 00:34:35]} {[%emt 00:00:59]}
b4 {[%clk 00:35:40]} {[%emt 00:02:49]} 15. Na4 {[%clk 00:34:54]} {[%emt
00:00:11]} Qa5 {[%clk 00:35:17]} {[%emt 00:00:52]} 16. Nc5 {[%clk 00:34:44]}
{[%emt 00:00:41]} b3+ {[%clk 00:34:11]} {[%emt 00:01:36]} 17. Kd1 {[%clk
00:34:05]} {[%emt 00:01:09]} bxc2+ {[%clk 00:29:15]} {[%emt 00:05:26]} 18. Kxc2
{[%clk 00:34:09]} {[%emt 00:00:25]} Na6 {[%clk 00:25:32]} {[%emt 00:04:14]} 19.
Bxa6 {[%clk 00:33:53]} {[%emt 00:00:46]} Bxa6 {[%clk 00:25:54]} {[%emt
00:00:08]} 20. f5 {[%clk 00:34:03]} {[%emt 00:00:20]} g5 {[%clk 00:24:42]}
{[%emt 00:01:42]} 21. e4 {[%clk 00:33:57]} {[%emt 00:00:36]} dxe4 {[%clk
00:17:42]} {[%emt 00:07:29]} 22. Qxe4 {[%clk 00:34:17]} {[%emt 00:00:11]} Qb5
{[%clk 00:15:58]} {[%emt 00:02:11]} 23. b3 {[%clk 00:34:38]} {[%emt 00:00:12]}
Qe2+ {[%clk 00:15:32]} {[%emt 00:00:54]} 24. Qxe2 {[%clk 00:34:59]} {[%emt
00:00:10]} Bxe2 {[%clk 00:15:59]} {[%emt 00:00:03]} 25. Rae1 {[%clk 00:34:56]}
{[%emt 00:00:33]} Bf3 {[%clk 00:15:55]} {[%emt 00:00:33]} 26. Rhg1 {[%clk
00:35:01]} {[%emt 00:00:25]} Rd8 {[%clk 00:15:09]} {[%emt 00:01:17]} 27. Kc3
{[%clk 00:34:59]} {[%emt 00:00:33]} h5 {[%clk 00:14:37]} {[%emt 00:01:01]} 28.
Re3 {[%clk 00:34:25]} {[%emt 00:01:04]} hxg4 {[%clk 00:13:44]} {[%emt
00:01:23]} 29. Rg3 {[%clk 00:33:08]} {[%emt 00:01:48]} Rd5 {[%clk 00:12:22]}
{[%emt 00:01:50]} 30. hxg4 {[%clk 00:23:09]} {[%emt 00:10:30]} Bxg4 {[%clk
00:11:50]} {[%emt 00:01:02]} 31. Rxg4 {[%clk 00:22:03]} {[%emt 00:01:35]} Rxh2
{[%clk 00:12:13]} {[%emt 00:00:08]} 32. Rf3 {[%clk 00:21:55]} {[%emt 00:00:38]}
Rxa2 {[%clk 00:11:20]} {[%emt 00:01:24]} 33. Ne6 {[%clk 00:22:13]} {[%emt
00:00:11]} Kf7 {[%clk 00:09:49]} {[%emt 00:02:02]} 34. Re4 {[%clk 00:19:57]}
{[%emt 00:02:45]} Rh2 {[%clk 00:09:24]} {[%emt 00:00:56]} 35. b4 {[%clk
00:18:14]} {[%emt 00:02:13]} Rh1 {[%clk 00:09:22]} {[%emt 00:00:31]} 36. Kd2
{[%clk 00:17:47]} {[%emt 00:00:54]} Rb5 {[%clk 00:08:17]} {[%emt 00:01:38]} 37.
Nd8+ {[%clk 00:18:04]} {[%emt 00:00:14]} Ke8 {[%clk 00:06:46]} {[%emt
00:01:59]} 38. Nxc6 {[%clk 00:18:27]} {[%emt 00:00:08]} a6 {[%clk 00:05:18]}
{[%emt 00:01:57]} 39. Rfe3 {[%clk 00:09:27]} {[%emt 00:09:31]} Rh7 {[%clk
00:02:12]} {[%emt 00:03:35]} 40. Kc3 {[%clk 00:09:46]} {[%emt 00:00:12]} Rxf5
{[%clk 00:02:00]} {[%emt 00:00:41]} 41. Nb8 {[%clk 00:09:44]} {[%emt 00:00:34]}
a5 {[%clk 00:01:10]} {[%emt 00:01:19]} 42. Nc6 {[%clk 00:09:20]} {[%emt
00:00:54]} axb4+ {[%clk 00:00:50]} {[%emt 00:00:50]} 43. Nxb4 {[%clk 00:08:56]}
{[%emt 00:00:54]} Kd7 {[%clk 00:20:04]} {[%emt 00:11:15]} 44. Kc4 {[%clk
00:38:52]} {[%emt 00:00:36]} Rf1 {[%clk 00:18:54]} {[%emt 00:01:39]} 45. Kd5
{[%clk 00:38:55]} {[%emt 00:00:27]} e6+ {[%clk 00:15:57]} {[%emt 00:03:27]} 46.
Kc4 {[%clk 00:39:15]} {[%emt 00:00:11]} Rc1+ {[%clk 00:16:08]} {[%emt
00:00:18]} 47. Rc3 {[%clk 00:39:42]} {[%emt 00:00:04]} Rxc3+ {[%clk 00:16:25]}
{[%emt 00:00:13]} 48. Kxc3 {[%clk 00:40:08]} {[%emt 00:00:03]} Bxb4+ {[%clk
00:16:39]} {[%emt 00:00:16]} 49. Kxb4 {[%clk 00:40:29]} {[%emt 00:00:09]} Rh4
{[%clk 00:16:52]} {[%emt 00:00:17]} 50. Re1 {[%clk 00:40:14]} {[%emt 00:00:45]}
Rxd4+ {[%clk 00:17:13]} {[%emt 00:00:09]} 51. Kc3 {[%clk 00:40:40]} {[%emt
00:00:04]} e5 {[%clk 00:16:58]} {[%emt 00:00:45]} 52. Rf1 {[%clk 00:40:54]}
{[%emt 00:00:16]} Ke6 {[%clk 00:16:57]} {[%emt 00:00:31]} 53. Rf2 {[%clk
00:41:03]} {[%emt 00:00:20]} g4 {[%clk 00:16:49]} {[%emt 00:00:38]} 54. Rg2
{[%clk 00:41:20]} {[%emt 00:00:14]} f5 {[%clk 00:16:49]} {[%emt 00:00:30]} 55.
Rh2 {[%clk 00:41:37]} {[%emt 00:00:12]} g3 {[%clk 00:16:01]} {[%emt 00:01:19]}
56. Rh6+ {[%clk 00:41:55]} {[%emt 00:00:12]} Kd5 {[%clk 00:16:20]} {[%emt
00:00:10]} 57. Rg6 {[%clk 00:42:08]} {[%emt 00:00:18]} Rg4 {[%clk 00:16:36]}
{[%emt 00:00:13]} 58. Ra6 {[%clk 00:42:15]} {[%emt 00:00:25]} g2 {[%clk
00:16:52]} {[%emt 00:00:13]} 0-1

[Event "ODJM B 2024"]
[Site "Willingen GER"]
[Date "2024.05.24"]
[Round "8"]
[White "Brückner, Julian"]
[Black "Rössling, Laura Marie"]
[Result "1-0"]
[Termination "normal"]
[Board "34"]
[WhiteElo "1766"]
[BlackElo "1599"]
[WhiteClock "00:40:31"]
[BlackClock "00:00:34"]
[PlyCount "65"]
[WhiteFideId "34630031"]
[BlackFideId "16289471"]
[EventCountry "GER"]
[EventRounds "9"]
[EventType "swiss"]
[EventDate "2024.05.18"]

1. e4 {[%clk 01:30:57]} {[%emt 00:00:02]} e5 {[%clk 01:30:50]} {[%emt
00:00:11]} 2. Nf3 {[%clk 01:31:15]} {[%emt 00:00:12]} Nc6 {[%clk 01:30:56]}
{[%emt 00:00:24]} 3. Bc4 {[%clk 01:31:34]} {[%emt 00:00:11]} Bc5 {[%clk
01:30:59]} {[%emt 00:00:27]} 4. d3 {[%clk 01:31:48]} {[%emt 00:00:16]} Nf6
{[%clk 01:30:33]} {[%emt 00:00:56]} 5. c3 {[%clk 01:31:35]} {[%emt 00:00:43]}
d6 {[%clk 01:30:34]} {[%emt 00:00:27]} 6. Bb3 {[%clk 01:31:43]} {[%emt
00:00:24]} h6 {[%clk 01:29:11]} {[%emt 00:01:52]} 7. Nbd2 {[%clk 01:31:42]}
{[%emt 00:00:31]} O-O {[%clk 01:29:31]} {[%emt 00:00:11]} 8. O-O {[%clk
01:31:20]} {[%emt 00:00:52]} Ne7 {[%clk 01:28:40]} {[%emt 00:01:21]} 9. Re1
{[%clk 01:29:16]} {[%emt 00:02:33]} Ng6 {[%clk 01:25:57]} {[%emt 00:03:13]} 10.
Nf1 {[%clk 01:28:37]} {[%emt 00:01:09]} a6 {[%clk 01:25:54]} {[%emt 00:00:33]}
11. Ng3 {[%clk 01:28:21]} {[%emt 00:00:45]} Ba7 {[%clk 01:25:05]} {[%emt
00:01:20]} 12. h3 {[%clk 01:27:44]} {[%emt 00:01:07]} b5 {[%clk 01:23:08]}
{[%emt 00:02:27]} 13. Bc2 {[%clk 01:27:05]} {[%emt 00:01:08]} c5 {[%clk
01:19:35]} {[%emt 00:04:03]} 14. Nh2 {[%clk 01:19:38]} {[%emt 00:07:58]} Qc7
{[%clk 01:16:51]} {[%emt 00:03:10]} 15. Nhf1 {[%clk 01:17:50]} {[%emt
00:02:22]} Be6 {[%clk 01:06:30]} {[%emt 00:10:50]} 16. Ne3 {[%clk 01:15:28]}
{[%emt 00:02:54]} d5 {[%clk 01:03:58]} {[%emt 00:03:01]} 17. Nef5 {[%clk
01:14:13]} {[%emt 00:01:45]} dxe4 {[%clk 01:02:43]} {[%emt 00:01:45]} 18. dxe4
{[%clk 01:14:23]} {[%emt 00:00:20]} Rad8 {[%clk 00:59:10]} {[%emt 00:04:01]}
19. Qf3 {[%clk 01:12:58]} {[%emt 00:01:56]} c4 {[%clk 00:52:36]} {[%emt
00:07:05]} 20. Nxh6+ {[%clk 01:13:10]} {[%emt 00:00:18]} Kh7 {[%clk 00:46:11]}
{[%emt 00:06:54]} 21. Nhf5 {[%clk 01:12:18]} {[%emt 00:01:22]} Nf4 {[%clk
00:38:47]} {[%emt 00:07:50]} 22. Be3 {[%clk 01:03:21]} {[%emt 00:09:31]} Bxe3
{[%clk 00:31:25]} {[%emt 00:07:53]} 23. Qxe3 {[%clk 00:53:18]} {[%emt
00:10:32]} Nd3 {[%clk 00:26:49]} {[%emt 00:05:00]} 24. Bxd3 {[%clk 00:52:14]}
{[%emt 00:01:41]} Rxd3 {[%clk 00:26:34]} {[%emt 00:00:45]} 25. Qg5 {[%clk
00:52:19]} {[%emt 00:00:24]} Bxf5 {[%clk 00:23:54]} {[%emt 00:03:11]} 26. Nxf5
{[%clk 00:52:21]} {[%emt 00:00:28]} Ne8 {[%clk 00:23:51]} {[%emt 00:00:30]} 27.
Ne7 {[%clk 00:44:16]} {[%emt 00:08:37]} g6 {[%clk 00:16:57]} {[%emt 00:07:17]}
28. Nd5 {[%clk 00:43:57]} {[%emt 00:00:57]} Qd7 {[%clk 00:05:50]} {[%emt
00:11:29]} 29. Qxe5 {[%clk 00:44:11]} {[%emt 00:00:24]} Rd2 {[%clk 00:02:24]}
{[%emt 00:03:56]} 30. Rad1 {[%clk 00:43:56]} {[%emt 00:00:44]} Rxd1 {[%clk
00:01:18]} {[%emt 00:01:37]} 31. Rxd1 {[%clk 00:44:20]} {[%emt 00:00:06]} Qc6
{[%clk 00:01:21]} {[%emt 00:00:25]} 32. Qe7 {[%clk 00:41:12]} {[%emt 00:03:39]}
Rg8 {[%clk 00:00:34]} {[%emt 00:01:03]} 33. Qxf7+ {[%clk 00:40:31]} {[%emt
00:01:25]} 1-0

[Event "ODJM B 2024"]
[Site "Willingen GER"]
[Date "2024.05.24"]
[Round "8"]
[White "Ott, Claudius"]
[Black "Symanski, Linda"]
[Result "1-0"]
[Termination "normal"]
[Board "36"]
[WhiteElo "1674"]
[BlackElo "1542"]
[WhiteClock "00:20:57"]
[BlackClock "00:01:53"]
[PlyCount "113"]
[WhiteFideId "34621024"]
[BlackFideId "16284534"]
[EventCountry "GER"]
[EventRounds "9"]
[EventType "swiss"]
[EventDate "2024.05.18"]

1. e4 {[%clk 01:30:59]} d5 {[%clk 01:30:51]} {[%emt 00:00:10]} 2. exd5 {[%clk
01:31:18]} {[%emt 00:00:10]} Qxd5 {[%clk 01:31:16]} {[%emt 00:00:06]} 3. Nc3
{[%clk 01:31:24]} {[%emt 00:00:24]} Qa5 {[%clk 01:31:40]} {[%emt 00:00:06]} 4.
b4 {[%clk 01:31:46]} {[%emt 00:00:08]} Qb6 {[%clk 01:23:09]} {[%emt 00:09:01]}
5. Rb1 {[%clk 01:28:25]} {[%emt 00:03:51]} c6 {[%clk 01:19:44]} {[%emt
00:03:55]} 6. Nf3 {[%clk 01:26:54]} {[%emt 00:02:00]} Nf6 {[%clk 01:17:42]}
{[%emt 00:02:32]} 7. d3 {[%clk 01:21:40]} {[%emt 00:05:44]} Bg4 {[%clk
01:12:32]} {[%emt 00:05:39]} 8. Be2 {[%clk 01:19:51]} {[%emt 00:02:20]} e6
{[%clk 01:11:47]} {[%emt 00:01:16]} 9. O-O {[%clk 01:19:18]} {[%emt 00:01:02]}
Nbd7 {[%clk 01:10:30]} {[%emt 00:01:47]} 10. h3 {[%clk 01:19:07]} {[%emt
00:00:41]} Bh5 {[%clk 01:05:59]} {[%emt 00:05:02]} 11. Be3 {[%clk 01:10:47]}
{[%emt 00:08:50]} Qc7 {[%clk 01:05:06]} {[%emt 00:01:22]} 12. Ne4 {[%clk
01:04:56]} {[%emt 00:06:21]} Be7 {[%clk 01:01:33]} {[%emt 00:04:03]} 13. Ng3
{[%clk 01:02:37]} {[%emt 00:02:48]} Bxf3 {[%clk 00:57:18]} {[%emt 00:04:46]}
14. Bxf3 {[%clk 01:02:32]} {[%emt 00:00:34]} Ne5 {[%clk 00:51:35]} {[%emt
00:06:15]} 15. Be2 {[%clk 01:02:13]} {[%emt 00:00:49]} Nd5 {[%clk 00:47:33]}
{[%emt 00:04:31]} 16. Bd2 {[%clk 01:01:47]} {[%emt 00:00:57]} O-O {[%clk
00:42:58]} {[%emt 00:05:05]} 17. c4 {[%clk 01:00:39]} {[%emt 00:01:37]} Nb6
{[%clk 00:40:17]} {[%emt 00:03:11]} 18. Bf4 {[%clk 00:59:48]} {[%emt 00:01:20]}
Bf6 {[%clk 00:37:03]} {[%emt 00:03:45]} 19. Nh5 {[%clk 00:56:09]} {[%emt
00:04:09]} Qe7 {[%clk 00:35:42]} {[%emt 00:01:52]} 20. Re1 {[%clk 00:50:37]}
{[%emt 00:06:01]} Rfd8 {[%clk 00:33:56]} {[%emt 00:02:16]} 21. Qc2 {[%clk
00:49:50]} {[%emt 00:01:18]} Rd7 {[%clk 00:31:36]} {[%emt 00:02:50]} 22. a4
{[%clk 00:44:37]} {[%emt 00:05:43]} Rad8 {[%clk 00:27:10]} {[%emt 00:04:55]}
23. Red1 {[%clk 00:40:08]} {[%emt 00:04:59]} Nc8 {[%clk 00:26:05]} {[%emt
00:01:36]} 24. h4 {[%clk 00:36:12]} {[%emt 00:04:25]} Ng6 {[%clk 00:22:39]}
{[%emt 00:03:56]} 25. Nxf6+ {[%clk 00:36:26]} {[%emt 00:00:16]} Qxf6 {[%clk
00:16:19]} {[%emt 00:06:51]} 26. Bg5 {[%clk 00:36:01]} {[%emt 00:00:54]} Qd4
{[%clk 00:15:45]} {[%emt 00:01:04]} 27. Bxd8 {[%clk 00:36:05]} {[%emt
00:00:26]} Rxd8 {[%clk 00:16:10]} {[%emt 00:00:05]} 28. h5 {[%clk 00:36:07]}
{[%emt 00:00:28]} Nf4 {[%clk 00:15:42]} {[%emt 00:00:59]} 29. Qb2 {[%clk
00:35:19]} {[%emt 00:01:18]} Qxb2 {[%clk 00:12:05]} {[%emt 00:04:07]} 30. Rxb2
{[%clk 00:35:42]} {[%emt 00:00:06]} Nxe2+ {[%clk 00:11:52]} {[%emt 00:00:43]}
31. Rxe2 {[%clk 00:36:06]} Nb6 {[%clk 00:12:16]} {[%emt 00:00:13]} 32. Red2
{[%clk 00:30:35]} Nxa4 {[%clk 00:12:28]} {[%emt 00:06:19]} 33. Ra1 {[%clk
00:29:27]} Nb6 {[%clk 00:12:37]} {[%emt 00:01:58]} 34. Rxa7 {[%clk 00:29:42]}
Rb8 {[%clk 00:11:54]} {[%emt 00:01:28]} 35. Rda2 {[%clk 00:29:18]} h6 {[%clk
00:11:33]} {[%emt 00:01:46]} 36. f4 {[%clk 00:27:06]} f5 {[%clk 00:10:21]}
{[%emt 00:04:23]} 37. Kf2 {[%clk 00:26:53]} Kf7 {[%clk 00:10:09]} {[%emt
00:01:25]} 38. R2a6 {[%clk 00:25:34]} Nd7 {[%clk 00:10:01]} {[%emt 00:02:27]}
39. Ra5 {[%clk 00:24:39]} Ke7 {[%clk 00:08:35]} {[%emt 00:03:21]} 40. Ra8
{[%clk 00:24:45]} Kd6 {[%clk 00:08:24]} {[%emt 00:01:04]} 41. Rxb8 {[%clk
00:24:39]} Nxb8 {[%clk 00:08:47]} {[%emt 00:00:44]} 42. b5 {[%clk 00:24:22]}
cxb5 {[%clk 00:06:03]} {[%emt 00:04:01]} 43. Rxb5 {[%clk 00:24:46]} Kc6 {[%emt
00:03:48]} 44. d4 {[%clk 00:22:50]} b6 {[%clk 00:04:38]} {[%emt 00:01:09]} 45.
d5+ {[%clk 00:22:42]} {[%emt 00:00:37]} exd5 {[%clk 00:04:46]} {[%emt
00:00:23]} 46. Rxd5 {[%clk 00:23:07]} {[%emt 00:00:05]} Nd7 {[%clk 00:04:10]}
{[%emt 00:01:06]} 47. Rxf5 {[%clk 00:23:19]} {[%emt 00:00:18]} Nf6 {[%clk
00:04:27]} {[%emt 00:00:13]} 48. Kf3 {[%clk 00:23:03]} {[%emt 00:00:46]} Kd6
{[%clk 00:04:11]} {[%emt 00:00:46]} 49. g4 {[%clk 00:22:34]} {[%emt 00:00:59]}
Ke6 {[%clk 00:03:44]} {[%emt 00:00:57]} 50. Rb5 {[%clk 00:22:25]} {[%emt
00:00:39]} Nd7 {[%clk 00:04:05]} {[%emt 00:00:09]} 51. f5+ {[%clk 00:22:24]}
{[%emt 00:00:31]} Kf6 {[%clk 00:02:27]} {[%emt 00:02:08]} 52. Kf4 {[%clk
00:22:37]} {[%emt 00:00:16]} Ke7 {[%clk 00:01:41]} {[%emt 00:01:16]} 53. g5
{[%clk 00:22:00]} {[%emt 00:01:07]} Kf7 {[%clk 00:01:18]} {[%emt 00:00:53]} 54.
g6+ {[%clk 00:21:49]} {[%emt 00:00:42]} Kf6 {[%clk 00:01:39]} {[%emt 00:00:09]}
55. Rd5 {[%clk 00:21:01]} {[%emt 00:01:17]} Ke7 {[%clk 00:01:47]} {[%emt
00:00:22]} 56. Rxd7+ {[%clk 00:20:45]} {[%emt 00:00:46]} Kxd7 {[%clk 00:01:53]}
{[%emt 00:00:24]} 57. f6 {[%clk 00:20:57]} {[%emt 00:00:18]} 1-0